| 000 | 00433nam a2200121 a 4500 | ||
|---|---|---|---|
| 001 | 000044503 | ||
| 005 | 20201002045424.0 | ||
| 008 | 140703s1931 000 spa d | ||
| 040 |
_aDO-SdBNP _bspa _cBNPHU |
||
| 245 | 0 | _aMensaje presentado a la Asamblea Nacional por el Presidente de República Gral. Rafael L. Trujillo Molina. | |
| 260 |
_aSanto Domingo : _bImprenta de J. R. Vda, García Sucesores, _c1931. |
||
| 300 |
_a40 p. ; _c24 cm. |
||
| 999 |
_c43992 _d43992 |
||